Estudio multinivel de las polt̕icas de empleo juvenil

Detalles Bibliográficos
Autor principal: Durǹ Bernardino, Manuela
Formato: eBook
Lenguaje:español
Publicado: Madrid: Dykinson, 2021
Materias:
Acceso en línea:Acceso restringido

MARC

LEADER 00000nam a22000007a 4500
005 20220719231245.0
007 cr|||| ||||
008 220719s2021 es |||||s|||| 00||0 spa d
020 |a 978-84-1122-088-0 
035 |a 36463 
040 |a vLex 
090 |c 13595  |d 13595 
100 1 |a Durǹ Bernardino, Manuela 
245 1 0 |a Estudio multinivel de las polt̕icas de empleo juvenil  |h [Recurso electrn̤ico] /  |c Manuela Durǹ Bernardino 
256 |a Servicio en ln̕ea 
260 |a Madrid:  |b Dykinson,  |c 2021 
300 |a 1 recurso electrn̤ico 
500 |a Los jv̤enes representan en la actualidad a uno de los colectivos ms̀ afectados por la situacin̤ provocada por la pandemia de Covid-19 pero lamentablemente no se trata de una situacin̤ novedosa, sino que se repite, con mayor o menor intensidad, en cada crisis econm̤ica. Por ello, el empleo juvenil sigue siendo un desafo̕ global y una de las prioridades polt̕icas principales a nivel mundial, con el reto comn︢ de evitar y reducir las altas tasas de desempleo juvenil y promover la calidad en el empleo de los jv̤enes, a sabiendas de que los altos niveles de desempleo juvenil suponen una amenaza real para el modelo social nacional, europeo y mundial y un autňtico ±derroche de capital humano». Esta situacin̤ hace pertinente el presente estudio cientf̕ico, en el que se aborda, desde una perspectiva multinivel, las polt̕icas de empleo juvenil. A tal fin, en los tres primeros capt̕ulos se analizan las iniciativas, medidas y actuaciones puestas en marcha por la Organizacin̤ Internacional del Trabajo, por la Unin̤ Europea y por Espaą en materia de empleo juvenil, centrando la atencin̤ en este l︢timo nivel en las medidas de mayor impacto, actualidad y trascendencia, como el Sistema Nacional de Garanta̕ Juvenil y el Plan de Garanta̕ Juvenil Plus 2021-2027 de trabajo digno para las personas jv̤enes, el Plan de Choque por el Empleo Joven 2019-2021, el Plan de Recuperacin̤, Transformacin̤ y Resiliencia y la reforma laboral. En el capt̕ulo IV se examinan las polt̕icas de intermediacin̤, orientacin̤ laboral y de carc̀ter contractual, prestǹdole especial atencin̤ a las medidas de apoyo al emprendimiento y trabajo autn̤omo de los jv̤enes. En el capt̕ulo V se analiza la nueva formacin̤ profesional, como instrumentos de insercin̤ de empleo joven y posible alternativa a la formacin̤ universitaria, incidiendo en la nueva Ley Orgǹica de Ordenacin̤ e Integracin̤ de la Formacin̤ Profesional. En el capt̕ulo VI, se centra la atencin̤ en el impacto de los cambios tecnolg̤icos en el empleo juvenil, atendiendo a las competencias tecnolg̤icas y digitales como competencias profesionales para su empleabilidad, sin descuidar las competencias blandas (sofer kilf) y las competencias emergentes (Reskilling y Upskilling), no menos importantes. Por l︢timo, en el capt̕ulo VII se abordan las polt̕icas de retorno para jv̤enes emigrantes espaǫles en el marco de las polt̕icas activas empleo y al margen de estas. La obra culmina con un bloque de conclusiones y propuestas de mejora precisas sobre las necesidades detectadas y las medidas de reforma normativa a proponer para favorecer la creacin̤ de empleo y potenciar las oportunidades laborales de los jv̤enes superando la precariedad laboral actual. 
506 1 |a Disponible solo en los productos indicados  |d vLex Global  |d vLex Global (Academic Edition, excluding Law Schools)  |d vLex Global (U.S. Academic Edition, Law Schools)  |d vLex Global (U.S. Academic Edition, excluding Law Schools)  |d vLex Global (Academic Edition, Law Schools) 
650 0 4 |a Derecho Laboral y Seguridad Social  |z Espaą 
740 0 |a vLex Libros (Servicio en ln̕ea) 
856 4 0 |u https://app.vlex.com/#/sources/36463  |z Acceso restringido 
942 |c BOOK 
999 0 |a Labor law and social security